[Event "Caracas Altamira Village"]
[Site "Caracas"]
[Date "2024.02.21"]
[Round "9.2"]
[White "Mora Moron, Jose Ramon"]
[Black "Gibson, Tomas"]
[Result "1/2-1/2"]
[WhiteElo "2131"]
[BlackElo "2251"]
[PlyCount "50"]
[EventDate "2024.02.17"]
[EventType "tourn"]
[EventRounds "9"]
[EventCountry "VEN"]
[SourceTitle "CB10_2024"]
[SourceDate "2024.03.06"]
[SourceVersion "1"]
[SourceVersionDate "2024.03.06"]
[SourceQuality "1"]

1. e4 e5 2. Nf3 Nf6 3. Nxe5 d6 4. Nf3 Nxe4 5. Nc3 Nf6 6. d4 Be7 7. Bf4 0-0 8. Qd2 Re8 9. 0-0-0 c6 10. Bd3 Na6 11. Rhe1 Nb4 12. Kb1 Bg4 13. h3 Bxf3 14. gxf3 Nxd3 15. Qxd3 d5 16. Rg1 Nh5 17. Be5 Qd7 18. Ne2 f6 19. Nf4 Nxf4 20. Bxf4 Bd6 21. Bc1 Kh8 22. Rg4 Rg8 23. Qg6 Qe8 24. Qf5 Qf7 25. Rdg1 g6 1/2-1/2

[Event "Caracas Altamira Village"]
[Site "Caracas"]
[Date "2024.02.20"]
[Round "6.3"]
[White "Pena Duran, Dilson Alejandro"]
[Black "Mora Moron, Jose Ramon"]
[Result "1-0"]
[WhiteElo "2082"]
[BlackElo "2131"]
[PlyCount "103"]
[EventDate "2024.02.17"]
[EventType "tourn"]
[EventRounds "9"]
[EventCountry "VEN"]
[SourceTitle "CB10_2024"]
[SourceDate "2024.03.06"]
[SourceVersion "1"]
[SourceVersionDate "2024.03.06"]
[SourceQuality "1"]

1. e4 c5 2. Nf3 e6 3. d4 cxd4 4. Nxd4 Nc6 5. Nc3 Qc7 6. g3 a6 7. Bg2 h5 8. h3 Bc5 9. Nb3 Ba7 10. Qe2 Nge7 11. Bf4 Ne5 12. 0-0-0 h4 13. Bxe5 Qxe5 14. f4 Qc7 15. e5 Nf5 16. Ne4 Nxg3 17. Qg4 Nxe4 18. Bxe4 Qc4 19. Rhe1 g6 20. Bd3 Qa4 21. Kb1 Qb4 22. c3 Qf8 23. Nd2 Bc5 24. Ne4 Be7 25. Re2 Qh6 26. Red2 b5 27. Bc2 Rb8 28. Qf3 Kf8 29. Qe3 Kg7 30. Nf6 d5 31. Rg1 Rb7 32. Rdg2 Bxf6 33. exf6+ Kxf6 34. Rxg6+ fxg6 35. Rxg6+ Qxg6 36. Qe5+ Ke7 37. Bxg6 Rg8 38. f5 Kd8 39. Qd6+ Bd7 40. fxe6 Rxg6 41. e7+ Ke8 42. Qxg6+ Kxe7 43. Qxa6 Rb8 44. Qh6 Bf5+ 45. Kc1 Rg8 46. Qxh4+ Ke6 47. Qf2 Be4 48. Qb6+ Ke5 49. Qxb5 Rg1+ 50. Kd2 Kf4 51. Qb6 Rg2+ 52. Ke1 1-0

[Event "Bogota El Tablazo op-A"]
[Site "Bogota"]
[Date "2022.06.24"]
[Round "3"]
[White "Mora Moron, Jose Ramon"]
[Black "Zuluaga Mancilla, Cesar"]
[Result "0-1"]
[WhiteElo "2161"]
[BlackElo "2230"]
[PlyCount "97"]
[EventDate "2022.06.23"]
[EventType "swiss"]
[EventRounds "10"]
[EventCountry "COL"]
[SourceTitle "EXT 2023"]
[Source "ChessBase"]
[SourceDate "2022.10.05"]
[SourceVersion "1"]
[SourceVersionDate "2022.10.05"]
[SourceQuality "1"]

1. e4 c5 2. Nf3 a6 3. Nc3 e6 4. d4 cxd4 5. Nxd4 b5 6. Bd3 Bb7 7. 0-0 Qc7 8. Qe2 Bd6 9. Kh1 Nc6 10. Nxc6 dxc6 11. a4 Nf6 12. f4 e5 13. f5 h6 14. Be3 0-0 15. Rf3 Rfe8 16. Rg3 Kh7 17. Rh3 Rh8 18. Rf1 Rac8 19. Bg5 Be7 20. b3 Kg8 21. Bh4 Qa5 22. Qe1 Kf8 23. Qa1 Qc7 24. Qe1 Bc5 25. Bxf6 gxf6 26. Ne2 Ke7 27. Ng3 Rcg8 28. Nh5 Rg5 29. Be2 Rhg8 30. Ng3 Rh8 31. Nh5 Bd4 32. Qd2 Bb6 33. Rd3 Rd8 34. h4 Rxd3 35. cxd3 Rg8 36. Qxh6 Qd6 37. Qh7 Qd8 38. g4 Qf8 39. g5 fxg5 40. f6+ Kd6 41. hxg5 Bc8 42. Qg7 Be3 43. axb5 axb5 44. Rg1 Bxg1 45. Kxg1 Be6 46. Qxf8+ Rxf8 47. Bd1 Ra8 48. Kf2 Ra1 49. g6 0-1

[Event "Medellin Raza op 8th"]
[Site "Medellin"]
[Date "2018.10.07"]
[Round "7"]
[White "Moncada Correa, Sara"]
[Black "Mora Moron, Jose Ramon"]
[Result "0-1"]
[WhiteElo "1789"]
[BlackElo "2168"]
[PlyCount "86"]
[EventDate "2018.10.04"]
[EventType "swiss"]
[EventRounds "7"]
[EventCountry "COL"]
[SourceTitle "CBM 186 Extra"]
[Source "ChessBase"]
[SourceDate "2018.08.24"]
[SourceVersion "1"]
[SourceVersionDate "2018.08.24"]
[SourceQuality "1"]

1. d4 Nf6 2. c4 e6 3. Nf3 d5 4. g3 dxc4 5. Bg2 Nc6 6. 0-0 Rb8 7. a4 a6 8. e3 Bd6 9. Nfd2 Na5 10. Qc2 0-0 11. Nxc4 Nxc4 12. Qxc4 b5 13. axb5 axb5 14. Qe2 e5 15. dxe5 Bxe5 16. Nc3 b4 17. Rd1 Qe7 18. Nd5 Nxd5 19. Rxd5 Bd6 20. Bd2 Bb7 21. Rd4 c5 22. Rh4 Bxg2 23. Kxg2 g6 24. Rc4 Qe5 25. Be1 Rfd8 26. Ra7 Bf8 27. Rf4 Qd5+ 28. e4 Qd3 29. Kf1 Rd7 30. Rxd7 Qxd7 31. Qc4 Qb5 32. Qxb5 Rxb5 33. e5 Ra5 34. Rc4 Ra2 35. Rc2 c4 36. Rxc4 Rxb2 37. Kg2 g5 38. h3 h5 39. Kf3 Ra2 40. Ke3 b3 41. Rc1 b2 42. Rb1 Ra1 43. Rxb2 Rxe1+ 0-1

[Event "Titled Tuesday intern op 2nd Dec"]
[Site "Chess.com INT"]
[Date "2017.12.05"]
[Round "3"]
[White "Corrales Jimenez, Zenia"]
[Black "Mora Moron, Jose Ramon"]
[Result "1-0"]
[WhiteElo "2183"]
[BlackElo "2160"]
[PlyCount "43"]
[EventDate "2017.12.05"]
[EventType "swiss (blitz)"]
[EventRounds "10"]
[EventCountry "USA"]
[SourceTitle "EXT 2021"]
[Source "ChessBase"]
[SourceDate "2020.10.23"]
[SourceVersion "1"]
[SourceVersionDate "2020.10.23"]
[SourceQuality "1"]

1. e4 c5 2. Nf3 e6 3. c3 Nf6 4. e5 Nd5 5. d4 cxd4 6. cxd4 d6 7. Bc4 Nb6 8. Bb3 Bd7 9. 0-0 Bc6 10. Qe2 N8d7 11. Nc3 a6 12. exd6 Nf6 13. Bxe6 Bxd6 14. Bxf7+ Kxf7 15. Ng5+ Kg6 16. Qd3+ Kh5 17. f4 Qd7 18. f5 Bxh2+ 19. Kxh2 Bxg2 20. Kxg2 Qc6+ 21. d5 Qc4 22. Rh1+ 1-0

[Event "Aruba op"]
[Site "Aruba"]
[Date "2017.10.08"]
[Round "6"]
[White "Izijk, Jimmy"]
[Black "Mora Moron, Jose Ramon"]
[Result "0-1"]
[WhiteElo "2027"]
[BlackElo "2139"]
[PlyCount "60"]
[EventDate "2017.10.05"]
[EventType "swiss"]
[EventRounds "7"]
[EventCountry "ARN"]
[SourceTitle "CBM 181 Extra"]
[Source "ChessBase"]
[SourceDate "2017.12.12"]
[SourceVersion "1"]
[SourceVersionDate "2017.12.12"]
[SourceQuality "1"]

1. d4 Nf6 2. Nf3 e6 3. c4 d5 4. e3 c5 5. cxd5 exd5 6. Nc3 Nc6 7. Be2 cxd4 8. Nxd4 Bd6 9. 0-0 0-0 10. b3 Re8 11. Bb2 a6 12. Rc1 Bc7 13. Nxc6 bxc6 14. Bf3 Qd6 15. g3 Bh3 16. Re1 Rac8 17. Qd3 a5 18. Na4 Nd7 19. Qd4 Ne5 20. Bh1 f6 21. Rc5 Kh8 22. Rec1 Qe7 23. Bc3 Bf5 24. Rd1 Bg4 25. Rc1 Bd6 26. Rxa5 Nf3+ 27. Bxf3 Bxf3 28. Ra7 Qe6 29. Qh4 Qf5 30. h3 Re4 0-1

[Event "Aruba op"]
[Site "Aruba"]
[Date "2017.10.07"]
[Round "5"]
[White "Mora Moron, Jose Ramon"]
[Black "Hernandez Bonilla, Amelia"]
[Result "1-0"]
[WhiteElo "2139"]
[BlackElo "2126"]
[PlyCount "123"]
[EventDate "2017.10.05"]
[EventType "swiss"]
[EventRounds "7"]
[EventCountry "ARN"]
[SourceTitle "CBM 181 Extra"]
[Source "ChessBase"]
[SourceDate "2017.12.12"]
[SourceVersion "1"]
[SourceVersionDate "2017.12.12"]
[SourceQuality "1"]

1. e4 c5 2. Nf3 d6 3. d4 cxd4 4. Nxd4 Nf6 5. Nc3 Nc6 6. Bc4 Qb6 7. Be3 Ng4 8. Nd5 Qa5+ 9. Bd2 Qc5 10. Bc3 Qxc4 11. Nc7+ Kd8 12. Nxa8 b6 13. Qd3 Qc5 14. Nxc6+ Qxc6 15. h3 Nf6 16. Nxb6 axb6 17. f3 Nd7 18. a4 Nc5 19. Qc4 Be6 20. Qd4 Bd7 21. a5 e5 22. Qd5 Qxd5 23. exd5 bxa5 24. Bxa5+ Kc8 25. b4 Na4 26. c4 Be7 27. Kd2 Kb7 28. Kc2 Ra8 29. Kb3 Nb6 30. b5 Bf5 31. Rhd1 Nd7 32. Bb4 Rxa1 33. Rxa1 e4 34. fxe4 Bxe4 35. g3 f5 36. Ra6 Nc5+ 37. Bxc5 dxc5 38. Re6 Bd8 39. Rc6 Bb6 40. Re6 g5 41. Re7+ Kc8 42. Rxh7 f4 43. Rh8+ Kd7 44. gxf4 gxf4 45. Rf8 Bc7 46. Rf7+ Kc8 47. h4 f3 48. b6 Bg3 49. h5 f2 50. d6 Bg2 51. h6 f1Q 52. b7+ Bxb7 53. Rxf1 Bxd6 54. h7 Be5 55. Rf5 Bd4 56. h8Q+ Bxh8 57. Rf8+ Kd7 58. Rxh8 Kd6 59. Ka4 Bc6+ 60. Ka5 Kc7 61. Rh5 Kd6 62. Kb6 1-0

[Event "Aruba op"]
[Site "Aruba"]
[Date "2017.10.06"]
[Round "3"]
[White "Ramirez Gonzalez, Mauricio"]
[Black "Mora Moron, Jose Ramon"]
[Result "1/2-1/2"]
[WhiteElo "2188"]
[BlackElo "2139"]
[PlyCount "62"]
[EventDate "2017.10.05"]
[EventType "swiss"]
[EventRounds "7"]
[EventCountry "ARN"]
[SourceTitle "CBM 181 Extra"]
[Source "ChessBase"]
[SourceDate "2017.12.12"]
[SourceVersion "1"]
[SourceVersionDate "2017.12.12"]
[SourceQuality "1"]

1. b4 d5 2. Nf3 Nf6 3. Bb2 e6 4. b5 a6 5. e3 axb5 6. Bxb5+ c6 7. Be2 b5 8. 0-0 Be7 9. d4 Nbd7 10. a4 b4 11. Nbd2 0-0 12. Nb3 c5 13. dxc5 Nxc5 14. Nxc5 Bxc5 15. Bb5 Ba6 16. Bxa6 Rxa6 17. c3 bxc3 18. Bxc3 Ne4 19. Bd4 Bxd4 20. exd4 h6 21. Qd3 Qa8 22. Qa3 Nf6 23. g3 Qa7 24. Rfb1 Rb8 25. Rxb8+ Qxb8 26. Kg2 Qf8 27. Qxf8+ Kxf8 28. Ne5 Ke7 29. h4 Nd7 30. Nxd7 Kxd7 31. Ra3 Ra5 1/2-1/2

[Event "Porlamar Margarita Village"]
[Site "Porlamar"]
[Date "2016.02.05"]
[Round "5.3"]
[White "Rondon Chacon, Rene Ibrahim"]
[Black "Mora Moron, Jose Ramon"]
[Result "1/2-1/2"]
[WhiteElo "2163"]
[BlackElo "2163"]
[PlyCount "68"]
[EventDate "2016.02.03"]
[EventType "tourn"]
[EventRounds "9"]
[EventCountry "VEN"]
[SourceTitle "EXT 2018"]
[Source "ChessBase"]
[SourceDate "2017.10.13"]
[SourceVersion "1"]
[SourceVersionDate "2017.10.13"]
[SourceQuality "1"]

1. Nf3 Nf6 2. d4 e6 3. c4 d5 4. Nc3 c6 5. Bf4 dxc4 6. e3 b5 7. a4 Bb4 8. axb5 cxb5 9. Bxb8 Rxb8 10. Rxa7 0-0 11. Be2 Qb6 12. Ra2 Nd5 13. Qc1 Bd6 14. 0-0 Bd7 15. Nd2 Qc7 16. g3 b4 17. Nce4 c3 18. Nxd6 Qxd6 19. Ne4 Qc7 20. bxc3 Nxc3 21. Nxc3 bxc3 22. Qc2 e5 23. d5 Qc5 24. e4 f5 25. exf5 Bxf5 26. Bd3 Bxd3 27. Qxd3 Qd4 28. Qd1 Rb2 29. Rxb2 cxb2 30. Qb3 h6 31. d6+ Kh8 32. d7 e4 33. Kg2 Kh7 34. Rd1 Qf6 1/2-1/2

[Event "Caracas Sunaval 2nd"]
[Site "Caracas"]
[Date "2015.08.16"]
[Round "8"]
[White "Mora Moron, Jose Ramon"]
[Black "Blanco Ronquillo, Humberto L"]
[Result "0-1"]
[WhiteElo "2178"]
[BlackElo "2414"]
[PlyCount "36"]
[EventDate "2015.08.12"]
[EventType "tourn"]
[EventRounds "9"]
[EventCountry "VEN"]
[EventCategory "2"]
[SourceTitle "EXT 2016"]
[Source "ChessBase"]
[SourceDate "2015.10.08"]
[SourceVersion "1"]
[SourceVersionDate "2015.10.08"]
[SourceQuality "1"]

1. e4 e5 2. Nf3 Nc6 3. Bb5 a6 4. Ba4 Nf6 5. Qe2 b5 6. Bb3 Be7 7. c3 0-0 8. d4 d6 9. h3 Re8 10. 0-0 Bf8 11. Ng5 d5 12. dxe5 Nxe5 13. f4 Nxe4 14. fxe5 Nxg5 15. Qh5 Bc5+ 16. Kh2 Rxe5 17. Bf4 Rf5 18. Bxg5 Qd6+ 0-1